¿Qué es la ilustración? : (Record no. 90116)
[ view plain ]
| 000 -LEADER | |
|---|---|
| fixed length control field | 00780nam a22002057a 4500 |
| 005 - DATE AND TIME OF LATEST TRANSACTION | |
| control field | 20150319180443.0 |
| 008 - FIXED-LENGTH DATA ELEMENTS--GENERAL INFORMATION | |
| fixed length control field | 150319b sp||||| |||| 00| 0 spa d |
| 020 ## - INTERNATIONAL STANDARD BOOK NUMBER | |
| International Standard Book Number | 9788420657165 |
| 050 04 - LIBRARY OF CONGRESS CALL NUMBER | |
| Classification number | D 16 .7 |
| Item number | K36 2009 |
| 100 1# - MAIN ENTRY--PERSONAL NAME | |
| Personal name | Kant, Immanuel |
| Dates associated with a name | 1724-1804 |
| 245 1# - TITLE STATEMENT | |
| Title | ¿Qué es la ilustración? : |
| Remainder of title | Y otros escritos de ética, política y filosofía de la historia / |
| Statement of responsibility, etc | Immanuel Kant, |
| 250 ## - EDITION STATEMENT | |
| Edition statement | Segunda reimpresión: 2009 |
| 260 ## - PUBLICATION, DISTRIBUTION, ETC. (IMPRINT) | |
| Place of publication, distribution, etc | Madrid, España : |
| Name of publisher, distributor, etc | Alianza editorial, |
| Date of publication, distribution, etc | 2009. |
| 300 ## - PHYSICAL DESCRIPTION | |
| Extent | 255 paginas, |
| Dimensions | 18 X 11 centímetros, |
| 440 ## - SERIES STATEMENT/ADDED ENTRY--TITLE | |
| Title | Humanidades |
| Volume number/sequential designation | Número: 4455 |
| 504 ## - BIBLIOGRAPHY, ETC. NOTE | |
| Bibliography, etc | Incluye: Indice |
| 650 #7 - SUBJECT ADDED ENTRY--TOPICAL TERM | |
| Source of heading or term | Lemb |
| Topical term or geographic name as entry element | Filosofía |
| General subdivision | Religión |
| -- | Historia |
| -- | Política |
| 700 1# - ADDED ENTRY--PERSONAL NAME | |
| Personal name | Kant, Immanuel |
| Relator term | Edición y traducción:Aramayo, Roberto R. |
| 942 ## - ADDED ENTRY ELEMENTS (KOHA) | |
| Source of classification or shelving scheme | Biblioteca del Cogreso de los Estados Unidos |
| Koha item type | Libro |
| Estado de pérdida | Fuente de clasificación | Estado del daño | No para préstamo | Ubicación permanente | Ubicación actual | Apartado o colección | Fecha de adquisición | Área del conocimiento | Clasificación | Código de Barras | Date last seen | Número de copia | Tipo de recurso | Total Checkouts | Total Renewals | Date checked out |
|---|---|---|---|---|---|---|---|---|---|---|---|---|---|---|---|---|
| Biblioteca del Cogreso de los Estados Unidos | Biblioteca de la Facultad de Filosofía | Biblioteca de la Facultad de Filosofía | General | 19/03/2015 | Educación y Humanidades | D 16 .7 K36 2009 | BFF000009316 | 19/03/2015 | C: 1 | Libro | ||||||
| Biblioteca del Cogreso de los Estados Unidos | Biblioteca de la Facultad de Filosofía | Biblioteca de la Facultad de Filosofía | General | 19/03/2015 | Educación y Humanidades | D 16 .7 K36 2009 | BFF000009317 | 10/09/2025 | C: 2 | Libro | 1 | 1 | 12/08/2025 |